000 00682nam a2200205 a 4500
001 000038936
005 20201002031428.0
008 130507s1978 sp ac 000 0 spa d
020 _a8432952036
040 _aDO-SdBNP
_bspa
_cBNPHU
082 _a747
_bssss
100 1 _aPey Estrany, Santiago.
_965202
245 1 0 _aPintura, empleado y recubrimientos : /
_cSantiago Pey Estrany; fotografĂ­a Marti Rey Grau.
250 _a3a. ed.
260 _aBarcelona :
_bEnciclopedia CEAC del Bricolaje,
_c1978.
300 _a181 p. :
_bil., retrs. ;
_c28 cm.
650 1 2 _aReparaciones domésticas.
_xBricolage
_965203
650 1 2 _aTrabajos manuales
_965204
700 1 _aRey Grau, Marti
_965205
999 _c38426
_d38426